Langues germaniques - Mort subite - Statistiques

Statistiques générales
  • Ce quiz a été pris 278 fois
  • Le résultat moyen est 5 sur 12
Answers on the Grid
Answers color-coded by a green-red scale on the quiz's grid according to % correct below.
Gaélique écossais
Suédois
Allemand
Cornique
Féroïen
Danois
Scots
Polonais
Hongrois
Finnois
Néerlandais
Norvégien
Romanche
Anglais
Afrikaans
Breton
Roumain
Islandais
Français
Wilamowicien
Russe
Xhosa
Tchèque
Luxembourgeois
 
Statistiques - réponses
Réponse % Correct
Allemand
92%
Danois
64%
Néerlandais
57%
Suédois
53%
Luxembourgeois
46%
Anglais
42%
Norvégien
37%
Afrikaans
36%
Féroïen
34%
Islandais
30%
Wilamowicien
16%
Scots
11%
Aucun quiz correspondant
Distribution des résultats
% des personnes avec chaque résultat
Percentile par nombre de réponses
Votre historique - résultats
Vous n’avez pas pris ce quiz